| Tag |
First Indicator |
Second Indicator |
Subfields |
| LEADER |
00000cam a2200000 4500 |
| 001 |
in00000025034 |
| 005 |
20151007055710.0 |
| 008 |
790508s1953 cn d 00010 spa d |
| 035 |
|
|
|a (OCoLC)04940018
|
| 035 |
|
|
|9 AAB9009AM
|
| 040 |
|
|
|a NSA
|c NSA
|d TXA
|d UtOrBLW
|
| 049 |
|
|
|a TXAM
|c [A11493433]
|
| 050 |
|
4 |
|a TL509
|b .I47 1953
|
| 110 |
2 |
|
|a International Civil Aviation Organization.
|b Secretariat.
|
| 245 |
1 |
0 |
|a Léxico de términos usados en Aviación Civil Internacional ;
|b español-inglés-francés /
|c Preparado por la Secretaria de la OACI previa autorización del Consejo.
|
| 250 |
|
|
|a 1. ed.
|
| 264 |
|
1 |
|a [Montreal, Canada],
|b [publisher not identified] ;
|c 1953.
|
| 300 |
|
|
|a x, 204 pages ;
|c 23 cm.
|
| 336 |
|
|
|a text
|b txt
|2 rdacontent
|
| 337 |
|
|
|a unmediated
|b n
|2 rdamedia
|
| 338 |
|
|
|a volume
|b nc
|2 rdacarrier
|
| 490 |
0 |
|
|a Doc ;
|v 7400
|
| 650 |
|
0 |
|a Aeronautics
|v Dictionaries.
|
| 650 |
|
0 |
|a Spanish language
|v Dictionaries
|x English.
|
| 650 |
|
0 |
|a Spanish language
|v Dictionaries
|x French.
|
| 999 |
|
|
|a MARS
|
| 999 |
f |
f |
|s da40ccb9-9e5f-342d-b71c-09eb85a4cea6
|i 710ca81d-cede-30fe-bb20-7232be891f0e
|t 0
|
| 952 |
f |
f |
|p ric
|a Texas A&M University
|b Rellis Campus
|c Joint Library Facility
|d Remote Storage
|t 0
|e TL509 .I47 1953
|h Library of Congress classification
|i unmediated -- volume
|m A14811493433
|
| 998 |
f |
f |
|a TL509 .I47 1953
|t 0
|l Remote Storage
|